Quiz di cultura generale #123 - Statistics

Statistiche generali
  • Questo quiz è stato fatto 419 volte
  • Il punteggio medio è 16 su 20
Statistiche sulle risposte
DOMANDA RISPOSTA % Corretto
Il nome di Bond James
99%
Non è ne carnivoro ne erbivoro Onnivoro
97%
La lingua più parlata in Austria Tedesco
97%
Può essere greco, magro, senza lattosio... Yogurt
96%
Il banco del professore Cattedra
95%
La capitale del Lussemburgo Lussemburgo
93%
La reggia fatta erigere dal Re Sole Versailles
93%
In molti match sportivi segue l'andata Ritorno
90%
La religione più praticata in Kuwait Islam
88%
Quello della patente avviene inizialmente ogni 10 anni Rinnovo
87%
La lingua slava più parlata al mondo Russo
87%
La regione della Val di Non Trentino/Alto/Adige
81%
L'amata di Aladdin nel noto film Disney Jasmine
79%
L'ingrediente più importante per la produzione della birra Luppolo
77%
Colui che scava e studia i fossili dei dinosauri Paleontologo
75%
Nell'874 i Vichinghi sono i primi a raggiungere quest'isola Islanda
71%
La moglie ghigliottinata di Luigi XVI Maria Antonietta
71%
283 in numero romani CCLXXXIII
70%
Il terzo moschettiere dopo Athos e Porthos Aramis
50%
Questo titolo spettava all'erede al trono francese Delfino
41%
Nessun quiz corrispondente trovato
Distribuzione punteggi
Percentuale di utenti per punteggio
Percentile per numero di risposta
I tuoi punteggi nel tempo
Non hai fatto questo quiz